| 000 | 01275nam a2200241Ia 4500 | ||
|---|---|---|---|
| 999 |
_c51057 _d51057 |
||
| 001 | 18014 | ||
| 003 | GE_BSU | ||
| 005 | 20200226172730.0 | ||
| 008 | 181216s1985||||ge |||||||||||||| ||ge || | ||
| 040 | _cGE_BSU | ||
| 080 | _a811.353 + 811.14'01 გ-70 | ||
| 100 |
_aგორდეზიანი, რისმაგ _93462 |
||
| 245 |
_aწინაბერძნული და ქართველური / _cრისმაგ გორდეზიანი ; რედ. თ. გამყრელიძე. |
||
| 264 |
_aთბილისი : _bთბილ. უნ-ტის გამ-ბა, _c1985. |
||
| 300 |
_a224 გვ. ; _c21 სმ. |
||
| 520 | _aპარალელ. თავფ. და რეზ. რუს. და გერმ. ენებზე | ||
| 653 | _aქართველური ენები | ||
| 653 | _aძველი ბერძნული ენა | ||
| 653 | _aწინაბერძნული და ქართველური | ||
| 700 |
_aგამყრელიძე, თ. _eრედაქტორი _93546 |
||
| 710 |
_aთსუ-ს ხმელთაშუა ზღვის კულტურების კვლევის ლაბორატორია _97527 |
||
| 942 |
_cBK _2udc |
||